000 00746nam a22002057a 4500
005 20250414090824.0
008 241016b |||||||| |||| 00| 0 eng d
040 _aKMU
_cKMU
_dKMU
_erda
110 _aMinistry of General Education
245 _aEducation In Zambia:
_bFindings from Zambia's experience in PISA for development
_c/Ministry of General Education, Examination Council of Zambia and OECD
260 _aLusaka:
_bMinistry of General Education,
_c2018.
300 _axii,146 p.:
_bill.;
_c19cm
521 _aInclude abbreviations and references
610 _aMinistry of Education
650 _aEducation
650 _aExamination Council of Zambia
710 _aOECD
710 _aExamination Council of Zambia
942 _cRE
_n0
_kGov
999 _c1412
_d1412